| 000 | 01898nam a22002777a 4500 | ||
|---|---|---|---|
| 999 |
_c58696 _d58696 |
||
| 003 | Ge_BSU | ||
| 005 | 20220630132033.0 | ||
| 008 | 220630s2018 ge ||||| |||| 00| 0 geo d | ||
| 041 | _ageo | ||
| 080 | _a634.733 ლ-95 | ||
| 245 |
_aლურჯი მოცვი : _bსახელმძღვანელო ფერმერებითვის / _cწიგნზე მუშაობდნენ ლალი გოგინავა, კეკური ძერია, ნანა მიროტაძე, მაია მიროტაძე; რედ. თამარ სანიკიძე, თამარ ახალაძე, მაია მიქავა. |
||
| 264 |
_aთბილისი, _c2018. |
||
| 300 |
_a60 გვ. : _bილ.; _c25 სმ. |
||
| 500 | _aსახელმძღვანელო შედგენილია გაეროს განვითარების პროგრამისა (UNDP) და შვეიცარიის განვითარებისა და თანამშრომლობის სააგენტოს (SDC) მხარდაჭერით. | ||
| 504 | _aბიბლიოგრ. გვ. 59-60 | ||
| 653 | _aლურჯი მოცვი | ||
| 653 | _aსახელმძღვანელო ფერმერებითვის | ||
| 700 |
_aგოგინავა, ლალი _914253 |
||
| 700 |
_aძერია, კეკური _914254 |
||
| 700 |
_aმიროტაძე, ნანა _914255 |
||
| 700 |
_aმიროტაძე, მაია _914256 |
||
| 700 |
_a სანიკიძე, თამარ _eრედაქტორი _914262 |
||
| 700 |
_aახალაძე, თამარ _eრედაქტორი _914261 |
||
| 700 |
_aმიქავა, მაია _eრედაქტორი _914263 |
||
| 942 |
_2udc _cBK |
||